| 000 | 00865nam a22002775a 4500 | ||
|---|---|---|---|
| 001 | 15122679 | ||
| 005 | 20181115125440.0 | ||
| 008 | 071227s2013 njua f b 001 0 eng | ||
| 020 | _a0273765299 | ||
| 020 | _a9780273765295 | ||
| 040 |
_aEG-ScBUE _beng _cEG-ScBUE |
||
| 082 | 0 | 4 |
_a658.3 _222 _bROB |
| 100 | 1 |
_aRobbins, Stephen P., _d1943- _920090 |
|
| 245 | 1 | 0 |
_aOrganizational Behavior / _cStephen P. Robbins, Timothy A. Judge. |
| 250 | _a15th ed. | ||
| 260 |
_aUpper Saddle River : _bPearson Prentice Hall, _cc.2013. |
||
| 300 |
_a710 p. : _bill. (chiefly col.) ; _c29 cm. |
||
| 500 | _aInclude indexes. | ||
| 504 | _aIncludes bibliographical references. | ||
| 590 | _aMenna Elemam | ||
| 650 | 0 |
_aOrganizational behavior. _931022 _2BUEsh |
|
| 651 | _2BUEsh | ||
| 653 |
_bBUSADM _cAugust2015 |
||
| 700 | 1 |
_aJudge, Tim _931023 |
|
| 942 |
_2ddc _cBB _k658.3 ROB |
||
| 999 |
_c17043 _d17015 |
||